Geography Quiz

Random Geography or City Quiz
Score 0/12 Timer 00:30
0 Plays Today
% Correct
Rock and Roll
92.6%
Quicken Loans
71.1%
Progressive
62.2%
Case Western Reserve
62%
First Energy
54.9%
Cuyahoga Valley
48%
West Side
38.7%
Old Stone
36.4%
Public
33.5%
Emerald
33%
University
32.5%
Terminal
31.6%
Remove Ads.
Support Sporcle.
Get the best of Sporcle when you Go Orange. This ad-free experience offers more features, more stats, and more fun while also helping to support Sporcle. Thank you for becoming a member.

You're not logged in!

Compare scores with friends on all Sporcle quizzes.
OR
Log In

Show Comments

Extras

Top Quizzes Today


Score Distribution

Your Account Isn't Verified!

In order to create a playlist on Sporcle, you need to verify the email address you used during registration. Go to your Sporcle Settings to finish the process.

Report this User

Report this user for behavior that violates our Community Guidelines.

Details: